|
|
|
|
| LEADER |
00000nam0a2200000 4500 |
| 001 |
156800 |
| 005 |
20231031153409.0 |
| 035 |
|
|
|a (RuTPU)RU\TPU\book\170051
|
| 090 |
|
|
|a 156800
|
| 100 |
|
|
|a 20090331d1985 m y0rusy50 ca
|
| 101 |
0 |
|
|a rus
|
| 102 |
|
|
|a RU
|
| 105 |
|
|
|a a j 001zy
|
| 200 |
1 |
|
|a Комплексное использование древесины
|e учебник
|f В. Д. Никишов
|
| 210 |
|
|
|a Москва
|c Лесная промышленность
|d 1985
|
| 215 |
|
|
|a 264 с.
|c ил.
|
| 320 |
|
|
|a Библиогр.: с. 259-260.
|
| 320 |
|
|
|a Предметный указатель: с. 261-262.
|
| 610 |
1 |
|
|a древесина
|
| 610 |
1 |
|
|a комплексное использование
|
| 610 |
1 |
|
|a биомасса
|
| 610 |
1 |
|
|a отходы
|
| 610 |
1 |
|
|a сырье
|
| 610 |
1 |
|
|a переработка
|
| 610 |
1 |
|
|a щепа
|
| 610 |
1 |
|
|a производство
|
| 610 |
1 |
|
|a сортировка
|
| 610 |
1 |
|
|a хранение
|
| 610 |
1 |
|
|a транспорт
|
| 610 |
1 |
|
|a заготовка
|
| 610 |
1 |
|
|a учебники
|
| 675 |
|
|
|a 674.8(075.8)
|v 3
|
| 700 |
|
1 |
|a Никишов
|b В. Д.
|g Владимир Дмитриевич
|
| 801 |
|
1 |
|a RU
|b 63413507
|c 20090331
|g PSBO
|
| 801 |
|
2 |
|a RU
|b 63413507
|c 20100205
|g RCR
|
| 942 |
|
|
|c BK
|